000
00323nam a2200133Ia 4500
008
240624s9999 xx 000 0 und d
041
_a
eng
082
_a
920 DEV
100
_a
DEV KAPIL
245
_a
STRAIGHT FROM THE HEART
260
_c
2004
_a
New Delhi
_b
Macmillan India
300
_a
xxiii, : 374 : cm ; 24
365
_c
RS
999
_c
2257
_d
2257